Foreign Affairs: en Español/
Bewaard in:
| Coauteur: | |
|---|---|
| Formaat: | Boek |
| Taal: | Spanish |
| Gepubliceerd in: |
México:
El Instituto,
2000-
|
| Onderwerpen: | |
| Tags: |
Voeg label toe
Geen labels, Wees de eerste die dit record labelt!
|
MARC
| LEADER | 00000nam a22000007a 4500 | ||
|---|---|---|---|
| 003 | cru CIDCACS/IIS | ||
| 005 | 20190221113802.0 | ||
| 007 | Ta | ||
| 008 | 190221b2000 mx q||p|r||||||0| ||spa|| | ||
| 999 | |c 42185 |d 42185 | ||
| 022 | |a 16651707 | ||
| 040 | |c cru CIDCACS/IIS | ||
| 090 | |a REV0485 (EN ESPAÑOL) | ||
| 110 | 2 | |9 8332 |a InstitutoTecnológico Autónomo de México | |
| 245 | 1 | |a Foreign Affairs: |b en Español/ |c InstitutoTecnológico Autónomo de México | |
| 246 | |a Foreign Affairs Latinoamericana | ||
| 260 | |a México: |b El Instituto, |c 2000- | ||
| 270 | |a Río Hondo Núm. 1, Col. Tizapán San Angel, |d México, D.F. |e C.P. 01000 |k (5255) 5628-4096 | ||
| 310 | |a cuatro veces al año | ||
| 500 | |a Cambió de Titulo en el 2008 a: Foreign Affairs Latinoamericana | ||
| 546 | |a También se publica en inglés | ||
| 650 | 0 | |9 83 |a DEMOCRACIA | |
| 650 | 4 | |9 2646 |a RELACIONES INTERNACIONALES | |
| 651 | 0 | |9 17 |a AMERICA LATINA | |
| 942 | |2 ddc |c PP | ||
